Providing additional funds for the expenses incurred by the House Committee on banking and currency in conducting the studies, investigations, and inquiries authorized by House Resolution 86.

Bibliographic Details
Corporate Authors: United States. Congress. House. Committee on House Administration, ProQuest (Firm)
Format: eBook
Language:English
Published: Washington : [publisher not identified], 1958.
Series:United States congressional serial set.
Subjects:
Online Access:Connect to the full text of this electronic book

MARC

Tag First Indicator Second Indicator Subfields
LEADER 00000cam a22000001a 4500
001 in00003229521
005 20190403191638.0
006 m o d
007 cr un mmmapmmp
008 080508s1958 dcu o f000 0 eng d
035 |a cis2004257639 
040 |a UMI  |c UMI  |d UtOrBLW 
043 |a n-us--- 
099 |a ProQuest Serial Set Number 12072 H.rp.1304 
110 1 |a United States.  |b Congress.  |b House.  |b Committee on House Administration. 
245 1 0 |a Providing additional funds for the expenses incurred by the House Committee on banking and currency in conducting the studies, investigations, and inquiries authorized by House Resolution 86. 
246 1 |a Providing additional funds for expenses of House Committee on Banking and Currency for studies, etc 
264 1 |a Washington :  |b [publisher not identified],  |c 1958. 
300 |a 1 online resource. 
336 |a text  |b txt  |2 rdacontent 
337 |a computer  |b c  |2 rdamedia 
338 |a online resource  |b cr  |2 rdacarrier 
490 0 |a H.rp.1304 
500 |a Record is based on bibliographic data in ProQuest U.S. Serial Set Digital Collection (last viewed May 2008). Reuse except for individual research requires license from ProQuest, LLC. 
510 3 |a ProQuest U.S. Serial Set Digital Collection 
500 |a Electronic resource. 
610 1 0 |a United States.  |b Congress.  |b House.  |b Committee on Banking and Currency. 
650 0 |a Governmental investigations  |z United States. 
650 0 |a Expenditures, Public. 
655 7 |a Electronic books.  |2 local 
710 2 |a ProQuest (Firm) 
830 0 |a United States congressional serial set. 
856 4 0 |u http://proxy.library.tamu.edu/login?url=http://congressional.proquest.com/congcomp/getdoc?SERIAL-SET-ID=12072+H.rp.1304  |z Connect to the full text of this electronic book  |t 0 
999 |a MARS 
999 f f |s 177380b7-9338-3e84-b7e1-f6001758a97e  |i 7adf567b-e83a-3352-8add-8c82d7818068  |t 0 
952 f f |a Texas A&M University  |b College Station  |c Electronic Resources  |d Available Online  |t 0  |e ProQuest Serial Set Number 12072 H.rp.1304  |h Other scheme 
998 f f |a ProQuest Serial Set Number 12072 H.rp.1304  |t 0  |l Available Online